Dol Leman : (Record no. 108706)

MARC details
000 -LEADER
fixed length control field 00700nam a2200241 i 4500
001 - CONTROL NUMBER
control field C2-0305715
003 - CONTROL NUMBER IDENTIFIER
control field PPAK
005 - DATE AND TIME OF LATEST TRANSACTION
control field 20180728091049.0
008 - FIXED-LENGTH DATA ELEMENTS--GENERAL INFORMATION
fixed length control field 100901s2010 my a|||| ||||| | may d
020 ## - INTERNATIONAL STANDARD BOOK NUMBER
International Standard Book Number 9789675367472
040 ## - CATALOGING SOURCE
Original cataloging agency PPAK
Language of cataloging eng
Transcribing agency PPAK
Description conventions rda
082 04 - DEWEY DECIMAL CLASSIFICATION NUMBER
Classification number 899.233
Edition number 23
090 00 - LOCALLY ASSIGNED LC-TYPE CALL NUMBER (OCLC); LOCAL CALL NUMBER (RLIN)
Classification number (OCLC) (R) ; Classification number, CALL (RLIN) (NR) 899.233
Feature heading MER
Feature heading K
100 0# - MAIN ENTRY--PERSONAL NAME
Personal name Mersik Romoyu,
Relator term author
245 10 - TITLE STATEMENT
Title Dol Leman :
Remainder of title misteri kelibat terbang
264 #1 - PRODUCTION, PUBLICATION, DISTRIBUTION, MANUFACTURE, AND COPYRIGHT NOTICE
Place of production, publication, distribution, manufacture Bandar Baru Bangi, Selangor :
Name of producer, publisher, distributor, manufacturer KarnaDya Solutions ,
Date of production, publication, distribution, manufacture, or copyright notice 2010
300 ## - PHYSICAL DESCRIPTION
Extent 151 pages :
Other physical details illustrations ;
Dimensions 19 cm
336 ## - CONTENT TYPE
Source rdacontent
Content type term text
337 ## - MEDIA TYPE
Source rdamedia
Media type term unmediated
338 ## - CARRIER TYPE
Source rdacarrier
Carrier type term volume
650 10 - SUBJECT ADDED ENTRY--TOPICAL TERM
Topical term or geographic name entry element Children's stories, Malay.
942 ## - ADDED ENTRY ELEMENTS (KOHA)
-- dc
Koha item type Book
Holdings
Withdrawn Not for loan Current library Shelving location Date acquired Total Checkouts Full call number Barcode Date last seen Date last checked out Koha item type
    Perpustakaan Alor Setar Pinjaman Kanak-kanak 27/09/2010 5 K 899.233 MER A01343998 27/02/2020 24/02/2020 Book
    Perpustakaan Awam Sungai Petani Pinjaman Kanak-kanak 27/09/2010 1 K 899.233 MER A01343999 18/07/2018 27/06/2018 Book
    Perpustakaan Bandar Baharu Pinjaman Kanak-kanak 27/09/2010 1 K 899.233 MER A01344006 27/11/2019 21/11/2019 Book
    Perpustakaan Jitra Pinjaman Kanak-kanak 27/09/2010   K 899.233 MER A01344000 09/05/2018   Book
    Perpustakaan Kuala Nerang Pinjaman Kanak-kanak 27/09/2010   K 899.233 MER A01344007 09/05/2018   Book
    Perpustakaan Kulim Pinjaman Kanak-kanak 27/09/2010   K 899.233 MER A01344002 09/05/2018   Book
    Perpustakaan Langkawi Pinjaman Kanak-kanak 27/09/2010   K 899.233 MER A01344001 09/05/2018   Book
    Perpustakaan Merbok Pinjaman Kanak-kanak 27/09/2010   K 899.233 MER A01344009 09/05/2018   Book
    Perpustakaan Pendang Pinjaman Kanak-kanak 27/09/2010   K 899.233 MER A01344010 09/05/2018   Book
    Perpustakaan Sik Pinjaman Kanak-kanak 27/09/2010   K 899.233 MER A01344004 09/05/2018   Book
    Perpustakaan Yan Pinjaman Kanak-kanak 27/09/2010 1 K 899.233 MER A01344003 02/04/2019 13/03/2019 Book
    Bergerak 3, Baling Pinjaman Kanak-kanak 27/09/2010   K 899.233 MER A01344005 09/05/2018   Book
    Bergerak 3, Baling Pinjaman Kanak-kanak 27/09/2010   K 899.233 MER A01344008 09/05/2018   Book